ՀՀ Գիտությունների ազգային ակադեմիայի հիմնարար գիտական գրադարան  =   Fundamental Scientific Library of NAS RA
Normal view MARC view

Entry Personal Name

Number of records used in: 4

001 - CONTROL NUMBER

  • control field: 1847

003 - CONTROL NUMBER IDENTIFIER

  • control field: AM-YEHGA

005 - DATE AND TIME OF LATEST TRANSACTION

  • control field: 20250617070431.0

008 - FIXED-LENGTH DATA ELEMENTS

  • fixed length control field: 050609 a|ac|n|aab||||||||||||a |n|||||||

040 ## - CATALOGING SOURCE

  • Original cataloging agency: AM-YEHGA

100 1# - HEADING--PERSONAL NAME

  • Personal name: Գաբրիելյան, Հովնան Համբարձումի,
  • Dates associated with a name: 1876-1946

400 1# - SEE FROM TRACING--PERSONAL NAME

  • Personal name: Գաբրիելյան, Հովնան,
  • Dates associated with a name: 1876-1946

400 1# - SEE FROM TRACING--PERSONAL NAME

  • Personal name: Գաբրիելյան, Հ.Հ.
  • Fuller form of name: (Հովնան Համբարձումի),
  • Dates associated with a name: 1876-1946

400 1# - SEE FROM TRACING--PERSONAL NAME

  • Personal name: Գաբրիելյան, Հ.
  • Fuller form of name: (Հովնան),
  • Dates associated with a name: 1876-1946

400 1# - SEE FROM TRACING--PERSONAL NAME

  • Personal name: Габриелян, Овнан Амбарцумович,
  • Dates associated with a name: 1876-1946

400 1# - SEE FROM TRACING--PERSONAL NAME

  • Personal name: Gabrielyan, Hovnan Hambardzumi,
  • Dates associated with a name: 1876-1946

510 2# - SEE ALSO FROM TRACING--CORPORATE NAME

  • Corporate name or jurisdiction name as entry element: Հ. Գաբրիելյանի անվ. մանկական թ.1 կլինիկական հիվանդանոց,
  • Geographic subdivision: Երևան

670 ## - SOURCE DATA FOUND

  • Source citation: Հայկական համառոտ հանրագիտարան, 1990 :
  • Information found: հ. 1 (Գաբրիելյան Հովնան Համբարձումի (23.8(4.9.).1876, Շուշի - 26.8.1946, Երևան), հայ բժիշկ, մանկաբույժ։ Պրոֆ. (1930)։ ՀՍՍՀ գիտ. վաստ. գործիչ (1946)։ ԵԲԻ մանկ. հիվանդ-ների ամբիոնի վարիչ (1926-ից)։ Երևանի մանկաբույժ. ընկ., ՀՍՍՀ առժողկոմատի մանկաբուժ. խորհրդի նախագահ, ՍՍՀՄ մանկաբուժ. խորհրդի անդամ)

670 ## - SOURCE DATA FOUND

  • Source citation: Գաբրիելյան Հ. Կարմրուկ, 1937


ՀՀ ԳԱԱ հիմնարար գիտական գրադարան
ՀՀ,Երևան 0019
Մարշալ Բաղրամյան 24/6
հեռախոս:(374-10) 52-47-50
Հետադարձ կապ

All site content, except where otherwise noted, is licensed under a
Creative Commons License